المراعى و ادارتها فى المملكة العربية السعودية / (رقم التسجيلة. 102500)

تفاصيل مارك
000 -LEADER
fixed length control field 011580am a2200265 004500
003 - CONTROL NUMBER IDENTIFIER
control field EG-GiCUC
008 - FIXED-LENGTH DATA ELEMENTS--GENERAL INFORMATION
fixed length control field 081004s1969 su ac g 000 0 ara d
040 ## - CATALOGING SOURCE
Original cataloging agency EG-GiCUC
Language of cataloging ara
Transcribing agency EG-GiCUC
043 ## - GEOGRAPHIC AREA CODE
Geographic area code a-su---
092 04 - LOCALLY ASSIGNED DEWEY CALL NUMBER (OCLC)
Classification number 633.202
Item number O521
Edition number 21
099 ## - LOCAL FREE-TEXT CALL NUMBER (OCLC)
Classification number 04
-- 633.202 O521
100 1# - MAIN ENTRY--PERSONAL NAME
Personal name اولرد : ب. و
245 12 - TITLE STATEMENT
Title المراعى و ادارتها فى المملكة العربية السعودية /
Statement of responsibility, etc. تأليف ب.و.اولرد ؛ ترجمة حسن حمزة حجره : هاشم عبد المطلب مختار
260 ## - PUBLICATION, DISTRIBUTION, ETC.
Place of publication, distribution, etc. [الرياض] :
Name of publisher, distributor, etc. وزارة الزراعة و المياه : ادارة استثمار الاراضى :
Date of publication, distribution, etc. [1969]
300 ## - PHYSICAL DESCRIPTION
Extent 327ص : ايض : صور ؛
Dimensions 24سم
650 #7 - SUBJECT ADDED ENTRY--TOPICAL TERM
Topical term or geographic name entry element المراعى
General subdivision الجوانب الاقتصادية
Source of heading or term qrmak
650 #7 - SUBJECT ADDED ENTRY--TOPICAL TERM
Topical term or geographic name entry element المراعى
General subdivision تنظيم و ادارة
Source of heading or term qrmak
651 #7 - SUBJECT ADDED ENTRY--GEOGRAPHIC NAME
Geographic name السعودية
General subdivision المراعى
Source of heading or term qrmak
700 1# - ADDED ENTRY--PERSONAL NAME
Personal name حجره : حسن حمزة
700 1# - ADDED ENTRY--PERSONAL NAME
Personal name مختار : هاشم عبد المطلب
902 ## - LOCAL DATA ELEMENT B, LDB (RLIN)
No. of Items 1
905 ## - LOCAL DATA ELEMENT E, LDE (RLIN)
Cataloger عفاف
Reviser مدخل
942 ## - ADDED ENTRY ELEMENTS (KOHA)
Source of classification or shelving scheme Dewey Decimal Classification
Koha item type Books
المقتنيات
Source of classification or shelving scheme Not for loan Home library Current library Date acquired Full call number Barcode Date last seen Copy number Koha item type
Dewey Decimal Classification   المكتبة المركزبة الجديدة - جامعة القاهرة قاعة المكتبات المهداة - الدور الرابع 11.02.2024 633.202 O521 K.B. 01000103001032000 23.06.2024 C.1 Books
Cairo University Libraries Portal Implemented & Customized by: Eng. M. Mohamady Contacts: new-lib@cl.cu.edu.eg | cnul@cl.cu.edu.eg
CUCL logo CNUL logo
© All rights reserved — Cairo University Libraries
CUCL logo
Implemented & Customized by: Eng. M. Mohamady Contact: new-lib@cl.cu.edu.eg © All rights reserved — New Central Library
CNUL logo
Implemented & Customized by: Eng. M. Mohamady Contact: cnul@cl.cu.edu.eg © All rights reserved — Cairo National University Library